| 000 | 00695nam a22002417a 4500 | ||
|---|---|---|---|
| 003 | OSt | ||
| 005 | 20220107122730.0 | ||
| 008 | 140218b xxu||||| |||| 00| 0 eng d | ||
| 020 | _a9788126534074 | ||
| 040 | _cIIITM-K | ||
| 082 | _a658.84 CZI/I | ||
| 100 |
_aCzinkota, Michael R _93037 |
||
| 245 |
_aInternational business _cby Michael R Czinkota; Iikka A Ronkainen; Michael H Moffett |
||
| 250 | _a8th ed. | ||
| 260 |
_aNew Delhi, _bWiley, _c2011. |
||
| 300 | _axxii, 746p. | ||
| 650 |
_aMANAGEMENT _93038 |
||
| 650 |
_aMARKETING MANAGEMENT _93039 |
||
| 650 |
_aFINANCIAL MANAGEMENT _93040 |
||
| 700 |
_aRonkainen, Iikka A _93041 |
||
| 700 |
_aMoffett, Michael H _93042 |
||
| 942 |
_2ddc _cBK |
||
| 999 |
_c3557 _d3557 |
||